The C programming language
Guardado en:
| Autor principal: | |
|---|---|
| Formato: | Libro |
| Lenguaje: | inglés |
| Publicado: |
Reading
Addison-Wesley
1991
|
| Materias: | |
| Etiquetas: |
Agregar Etiqueta
Sin Etiquetas, Sea el primero en etiquetar este registro!
|
MARC
| LEADER | 00000nam a2200000 a 4500 | ||
|---|---|---|---|
| 001 | UCV5652 | ||
| 003 | CL-VaPUC | ||
| 008 | 930429e19910000US |||||||||||||||||eng|d | ||
| 082 | 0 | 4 | |a 005.133 |b STR |2 21 |
| 100 | 0 | |a Stroustrup, Bjarne |e author |9 299933 | |
| 245 | 1 | 4 | |a The C programming language |
| 246 | 1 | 0 | |a C plus plus programming language |
| 300 | |a 669 p | ||
| 942 | |c BK | ||
| 945 | |d 19930429 00:00:00 | ||
| 260 | |a Reading |b Addison-Wesley |c 1991 | ||
| 650 | 7 | |a C LENGUAJE DE PROGRAMACION PARA COMPUTADORES |2 CL-VaPUC |9 262392 | |
| 650 | 7 | |a COMPUTADORES PROGRAMACION |2 CL-VaPUC |9 260190 | |
| 583 | |a last modification |c 20121207 07:49:50 |k Rodrigo Vera | ||
| 999 | |c 212075 |d 212073 | ||
| 952 | |0 0 |1 2 |4 0 |6 005_133000000000000_STR_1991 |7 0 |8 P |9 192450 |a BIBING |b BIBING |d 2019-11-14 |i 2599392 |o 005.133 STR 1991 |p 2599392 |r 2019-11-14 |w 2019-11-14 |y BK |k CCI | ||